Colección de documentos inéditos para la hisoria de Ibero-América / (Record no. 75265)

MARC details
000 -LEADER
campo de control de longitud fija 00858nam a2200217 i 4500
001 - NÚMERO DE CONTROL
campo de control 75265
003 - IDENTIFICADOR DE NÚMERO DE CONTROL
campo de control ES-MaACL
005 - FECHA Y HORA DE LA ÚLTIMA TRANSACCIÓN
campo de control 20250815023045.0
007 - CAMPO FIJO DE DESCRIPCIÓN FÍSICA--INFORMACIÓN GENERAL
campo de control de longitud fija t|
008 - DATOS DE LONGITUD FIJA--INFORMACIÓN GENERAL
campo de control de longitud fija 151013s1927 sp ||||1| spa d
245 00 - MENCIÓN DEL TÍTULO
Título Colección de documentos inéditos para la hisoria de Ibero-América /
Mención de responsabilidad, etc. recopilados por Santiago Montoto.
260 ## - PUBLICACIÓN, DISTRIBUCIÓN, ETC.
Lugar de publicación, distribución, etc. Madrid :
Nombre del editor, distribuidor, etc. Editorial Ibero-Africano-Americana,
Fecha de publicación, distribución, etc. [1927]
300 ## - DESCRIPCIÓN FÍSICA
Extensión 421 p., [5] h. de lám. ;
Dimensiones 25 cm.
490 1# - MENCIÓN DE SERIE
Mención de serie Colección de documentos inéditos para la historia de Ibero-América ;
Designación de volumen o secuencia 1
610 24 - PUNTO DE ACCESO ADICIONAL DE MATERIA--NOMBRE DE ENTIDAD CORPORATIVA
Nombre de entidad corporativa o nombre de jurisdicción como elemento de entrada Archivo General de Indias-
Subdivisión general Catálogos.
9 (RLIN) 1431
651 #4 - PUNTO DE ACCESO ADICIONAL DE MATERIA--NOMBRE GEOGRÁFICO
Nombre geográfico América española-
Subdivisión general Historia-
Subdivisión de forma Fuentes.
9 (RLIN) 7728
700 0# - ENTRADA AGREGADA--NOMBRE PERSONAL
Nombre de persona Montoto, Santiago.
9 (RLIN) 82701
830 00 - PUNTO DE ACCESO ADICIONAL DE SERIE-TÍTULO UNIFORME
Título uniforme Colección de documentos inéditos para la historia de Iberoamérica
Designación de volumen o secuencia 1
9 (RLIN) 187665
852 ## - LOCALIZACIÓN
Ubicación ES-MaACL
Número de control de estantería C-12698
Holdings
Estatus retirado Estado de pérdida Estado de daño No para préstamo Biblioteca de origen Biblioteca actual Ubicación en estantería Fecha de adquisición Fuente de adquisición Total de préstamos Signatura topográfica completa Código de barras Visto por última vez Precio de reemplazo Tipo de ítem Koha
        Biblioteca del Ateneo de Madrid Biblioteca del Ateneo de Madrid Sala Palomar 13/10/2015     C-12698 1194251 23/02/2023 23/02/2023 Libro impreso